Estadísticas para Ganadores F1 2021

Haz click aquí para intentar la prueba.

Estadísticas generales

  • Esta prueba ha sido intentada 48 veces
  • La puntuación promedio es 21 de 22

Estadísticas de respuestas

HintRespuesta% Correcto
BareinLewis Hamilton
100%
PortugalLewis Hamilton
100%
EspañaLewis Hamilton
100%
Arabia SauditaLewis Hamilton
100%
CatarLewis Hamilton
100%
BrasilLewis Hamilton
100%
Gran BretañaLewis Hamilton
100%
RusiaLewis Hamilton
100%
Países BajosMax Verstappen
100%
MexicoMax Verstappen
100%
Estados UnidosMax Verstappen
100%
BélgicaMax Verstappen
100%
Emilia-RomañaMax Verstappen
100%
AustriaMax Verstappen
100%
EstiriaMax Verstappen
100%
FranciaMax Verstappen
100%
MónacoMax Verstappen
100%
Abu DhabiMax Verstappen
100%
AzerbaiyanSergio Perez
87%
HungríaEsteban Ocon
68%
TurquíaValtteri Bottas
61%
ItaliaDaniel Ricciardo
50%

Distribución de puntuación

Porcentaje por número respondido

Porcentaje de gente con cada puntuación

Historial de tus puntuaciones

No has intentado esta prueba.